Djo Discography - Statistics

General Stats
  • This quiz has been taken 353 times
    142 since last reset
  • The average score is 33 of 52
Answer Stats
Year Album Answer % Correct
2022 Decide End of Beginning
89%
2025 The Crux Charlie's Garden
84%
2025 The Crux Delete Ya
84%
2025 The Crux Basic Being Basic
83%
2025 The Crux Egg
83%
2019 Twenty Twenty Chateau (Feel Alright)
81%
2025 The Crux Crux
80%
2019 Twenty Twenty Roddy
80%
2025 The Crux Gap Tooth Smile
78%
2022 Decide Fool
77%
2022 Decide I Want Your Video
75%
2025 The Crux Fly
73%
2025 The Crux Lonesome Is a State of Mind
73%
2025 The Crux Potion
73%
2025 The Crux Deluxe T. Rex Is Loud
73%
2022 Decide Gloom
72%
2025 The Crux Deluxe Love Can't Break the Spell
69%
2025 The Crux Back on You
67%
2022 Decide Change
67%
2025 The Crux Deluxe Mr. Mountebank
66%
2025 The Crux Golden Line
64%
2025 The Crux Link
64%
2025 The Crux Deluxe Purgatory Silverstar
64%
2022 Decide Runner
64%
2025 The Crux Deluxe Awake
63%
2022 Decide On and On
63%
2022 Decide Slither
63%
2025 The Crux Deluxe Carry the Name
61%
2019 Twenty Twenty Flash Mountain
61%
2025 The Crux Deluxe It's Over
61%
2019 Twenty Twenty Personal Lies
61%
2019 Twenty Twenty BNBG
58%
2022 Decide Half Life
58%
2019 Twenty Twenty Mortal Projections
58%
2019 Twenty Twenty Showtime
58%
2019 Twenty Twenty Tentpole Shangrila
58%
2022 D-Sides Uglyfisherman
58%
2025 The Crux Deluxe Grime of the World
56%
2019 Twenty Twenty Ring
56%
2025 The Crux Deluxe Try Me
56%
2022 Decide Figure You Out
55%
2022 Decide Go For It
55%
2025 The Crux Deluxe Who You Are
55%
2019 Twenty Twenty Mutual Future (Repeat)
53%
2022 Decide Climax
52%
2025 The Crux Deluxe They Don't Know What's Right
52%
2019 Twenty Twenty Total Control
52%
2022 Decide Is That All It Takes
50%
2020 Single Keep Your Head Up
50%
2019 Twenty Twenty Just Along for the Ride
48%
2022 D-Sides Listen
48%
2025 The Crux Deluxe Thich Nhat Hanh
47%
No matching quizzes found
Score Distribution
Percent of People with Each Score
Percentile by Number Answered
Your Score History
You have not taken this quiz since the last reset